Sports Quiz

Random Sports or Football Quiz

NL MVP By Position Quiz Stats

 Plays Quiz not verified by Sporcle

Challenge
Share
Tweet
Embed
Score 0/62 Timer 10:00
0 Plays Today
Player % Correct
Barry Bonds
97.7%
Albert Pujols
97.5%
Johnny Bench
96.1%
Mike Schmidt
95.2%
Willie Mays
94.1%
Joe Morgan
93.5%
Roy Campanella
89.9%
Kirk Gibson
89.3%
Bob Gibson
89.3%
Willie Stargell
88.7%
Sandy Koufax
87.9%
Hank Aaron
87%
Pete Rose
86.5%
Stan Musial
85.9%
Chipper Jones
85.9%
Stan Musial
85.9%
Ryan Howard
85.6%
Ryne Sandberg
85.6%
Ernie Banks
85.6%
Jackie Robinson
85.4%
Frank Robinson
85.4%
Willie McCovey
84.8%
Jimmy Rollins
84.8%
Jeff Bagwell
83.9%
Roberto Clemente
81.4%
Sammy Sosa
81.1%
Jeff Kent
80.6%
Andre Dawson
80.6%
Keith Hernandez
80%
Barry Larkin
79.4%
Dale Murphy
78%
Player % Correct
Ken Caminiti
76.6%
George Foster
76.6%
Larry Walker
74.6%
Terry Pendleton
74.4%
Kevin Mitchell
73.5%
Steve Garvey
71.8%
Dave Parker
71%
Joe Torre
70.4%
Orlando Cepeda
69.3%
Joey Votto
68.5%
Willie McGee
66.2%
Frankie Frisch
64.5%
Gabby Hartnett
63.7%
Carl Hubbell
63.7%
Maury Wills
63.4%
Dizzy Dean
62.3%
Don Newcombe
61.7%
Chuck Klein
60.6%
Joe Medwick
60.6%
Ken Boyer
60.3%
Ernie Lombardi
60%
Dick Groat
59.2%
Marty Marion
51.3%
Jim Konstanty
50.1%
Mort Cooper
49%
Hank Sauer
48.7%
Phil Cavarretta
46.5%
Bucky Walters
45.9%
Frank McCormick
45.6%
Dolph Camilli
44.5%
Bob Elliott
43.1%

You're not logged in!

Compare scores with friends on all Sporcle quizzes.
OR
Log In

You Might Also Like...

Show Comments

Extras

Top Quizzes Today


Score Distribution

Your Account Isn't Verified!

In order to create a playlist on Sporcle, you need to verify the email address you used during registration. Go to your Sporcle Settings to finish the process.

Report this User

Report this user for behavior that violates our Community Guidelines.

Details: